书目信息 |
| 题名: |
《卡尔·马克思》王唯真译本考
|
|
| 作者: | 孙碧云 著 | |
| 分册: | ||
| 出版信息: | 沈阳 辽宁人民出版社 2021.01 |
|
| 页数: | 25, 139页 | |
| 开本: | 23cm | |
| 丛书名: | 马克思主义经典文献传播通考 | |
| 单 册: | ||
| 中图分类: | A712 | |
| 科图分类: | ||
| 主题词: | 思想家--si xiang jia--人物研究--德国--近代 | |
| 电子资源: | ||
| ISBN: | 978-7-205-10030-8 | |
| 000 | 01171nam 2200289 450 | |
| 001 | CAL 0120217135901 | |
| 005 | 20230308143222.0 | |
| 010 | @a978-7-205-10030-8@b精装@dCNY48.00 | |
| 100 | @a20210425d2021 em y0chiy0120 ea | |
| 101 | 0 | @achi |
| 102 | @aCN@b210000 | |
| 105 | @aa a 000yy | |
| 106 | @ar | |
| 200 | 1 | @a《卡尔·马克思》王唯真译本考@A《ka er · ma ke si 》 wang wei zhen yi ben kao@f孙碧云著 |
| 210 | @a沈阳@c辽宁人民出版社@d2021.01 | |
| 215 | @a25, 139页@c图@d23cm | |
| 225 | 2 | @a马克思主义经典文献传播通考@Ama ke si zhu yi jing dian wen xian chuan bo tong kao |
| 300 | @a国家出版基金项目 | |
| 320 | @a有书目 (第64-65页) | |
| 330 | @a本书是对王唯真所翻译的《马克思及其学说》的背景和地位进行介绍, 考证其历史价值与学术贡献, 并做考释与译文解析。《卡尔·马克思》原版考释、《卡尔·马克思》王唯真译本考释、《卡尔·马克思》王唯真译本译文解析。 | |
| 410 | 0 | @12001 @a马克思主义经典文献传播通考 |
| 600 | 1 | @a马克思@Ama ke si@g(Marx, Karl),@f1818-1883@x人物研究 |
| 606 | 0 | @a思想家@Asi xiang jia@x人物研究@y德国@z近代 |
| 690 | @aA712@v5 | |
| 701 | 0 | @a孙碧云@Asun bi yun@4著 |
| 801 | 0 | @aCN@bBJXHXP@c20230308 |
| 905 | @b1392351-5@dA712@e276@f5 | |
| 《卡尔·马克思》王唯真译本考/孙碧云著.-沈阳:辽宁人民出版社,2021.01 |
| 25, 139页:图;23cm.-(马克思主义经典文献传播通考) |
| 国家出版基金项目 |
| ISBN 978-7-205-10030-8(精装):CNY48.00 |
| 本书是对王唯真所翻译的《马克思及其学说》的背景和地位进行介绍, 考证其历史价值与学术贡献, 并做考释与译文解析。《卡尔·马克思》原版考释、《卡尔·马克思》王唯真译本考释、《卡尔·马克思》王唯真译本译文解析。 |
| ● |
| 相关链接 |
|
|
|
|
正题名:《卡尔·马克思》王唯真译本考
索取号:A712/276
 
预约/预借
| 序号 | 登录号 | 条形码 | 馆藏地/架位号 | 状态 | 备注 |
| 1 | 1392351 | 213923511 | 第一样本阅览室/ [索取号:A712/276] | 在馆 | |
| 2 | 1392352 | 213923520 | 第一借阅区/ [索取号:A712/276] | 在馆 | |
| 3 | 1392353 | 213923539 | 第一借阅区/ [索取号:A712/276] | 在馆 | |
| 4 | 1392354 | 213923548 | 第一借阅区/ [索取号:A712/276] | 在馆 | |
| 5 | 1392355 | 213923557 | 第一借阅区/ [索取号:A712/276] | 在馆 |